00519cam a2200145 a 4500020001800000040000800018082002600026100001900052245018600071260003100257300002800288650002000316650001900336650001800355 a9780670022199 cDLC00a551 VIK 2011 A117 Or.1 aHohn, Donovan.10aMoby-duck :bthe true story of 28,800 bath toys lost at sea and of the beachcombers, oceanographers, environmentalists, and fools, including the author, who went in search of them / aNew York :bViking,c2011. a402 p. :bmap ;c24 cm. 0aOcean currents. 0aMarine debris. 0aPlastic toys.